000 00803nam a2200217 a 4500
003 OSt
005 20130926190335.0
008 130926s1985 ag ||||| |||| 00| 0 spa d
040 _cBiblioteca Medicina
041 _aspa
082 _bMINIST. DE EDUCACION Y JUSTICIA
110 _aMinisterio de Educacion y Justicia
_92611
245 0 0 _aPrimer Seminario-Taller de Investigacion en Ciencias Sociales y Salud
250 _a1ยบ ed.
260 _aBuenos Aires
_bMinisterio de Educacion y Justicia; Secretaria de Ciencia y Tecnica
_c1985
300 _a133 p.
653 _aCIENCIAS SOCIALES-INVESTIGACION
653 _aSALUD-INVESTIGACION
942 _2ddc
_cPH
952 _40
_00
_bBFM
_10
_oMINIST. DE EDUCACION Y JUSTICIA
_d2013-09-26
_tEj. 1
_8NFIC
_70
_cCR
_2ddc
_yPH
_aBFM
999 _c1687
_d1687